The mainsprings of Japanese growth : a turning point ?

Сохранить в:
Библиографические подробности
Главный автор: Shigeto Tsuru
Формат:
Язык:Undetermined
Опубликовано: Paris Atlantic Institute for International Affairs 1977
Предметы:
Метки: Добавить метку
Нет меток, Требуется 1-ая метка записи!
Thư viện lưu trữ: Trung tâm Học liệu Trường Đại học Cần Thơ
LEADER 00539nam a2200193Ia 4500
001 CTU_85654
008 210402s9999 xx 000 0 und d
082 |a 338.0952 
082 |b T882 
100 |a Shigeto Tsuru 
245 4 |a The mainsprings of Japanese growth : 
245 2 |b a turning point ? 
245 0 |c Shigeto Tsuru 
260 |a Paris 
260 |b Atlantic Institute for International Affairs 
260 |c 1977 
650 |a Japan 
650 |x economic conditions 
980 |a Trung tâm Học liệu Trường Đại học Cần Thơ